000 00786nam a2200265 i 4500
003 DO-SdBNP
005 20250205085459.0
007 ta
008 110413s2011 dr 000 j spa d
020 _a9789945475142
040 _aDO-SdBNP
_bspa
_cBNPHU
_erda
041 _hspa
082 _axxx
_bV422
_222
100 1 _aVega, Máximo
_d1966-
_eautor
_984657
245 1 3 _aEl libro de los últimos días /
_cMáximo Vega
264 1 _aSanto Domingo :
_bRumbo Norte,
_c2011.
300 _a765 páginas
_c23 cm.
336 _2rdacontent
_atexto
_btxt
337 _2rdamedia
_asin mediación
_bn
338 _2rdacarrier
_avolumen
_bnc
500 _aIncluye datos biográficos del autor en las solapas.
590 _aInventariado, 2023/ YL
910 _aYLockward
942 _2ddc
_cLBS1
999 _c55547
_d55547